Enhancing China's competitiveness through lifelong learning

Salvato in:
Dettagli Bibliografici
Autore principale: Dahlman, Carl J.
Altri autori: Zeng, Douglas Zhihua, Wang, Shuilin
Natura: Libro
Lingua:inglese
Pubblicazione: Washington, D.C. <The> World Bank 2007
Serie:WBI development studies
Soggetti:
Tags: Aggiungi Tag
Nessun Tag, puoi essere il primo ad aggiungerne!!

MARC

LEADER 00000nam$a2200000$$$4500
001 0061770
005 20240315115229.3
020 |a 0-8312-6943-1 
020 |a 978-0-8213-6943-2 
041 0 |a eng 
044 |a US 
245 1 0 |a Enhancing China's competitiveness through lifelong learning  |c Carl Dahlman, Douglas Zhihua Zeng, Shuilin Wang 
264 1 |a Washington, D.C.  |b <The> World Bank  |c 2007 
300 |a 238 s. 
490 1 |a WBI development studies 
830 0 |a WBI development studies 
610 2 0 |a vzdelávanie 
610 2 0 |a modely 
610 2 0 |a vzdelávanie celoživotné 
610 2 0 |a zručnosti 
610 2 0 |a kvalifikácia 
610 2 0 |a pracovníci 
610 2 0 |a vidiek 
610 2 0 |a migrácia 
610 2 0 |a školenie odborné 
610 2 0 |a školy 
610 2 0 |a investície 
610 2 0 |a financovanie 
610 2 0 |a rozvoj hospodársky 
610 2 0 |a konkurencieschopnosť 
610 2 0 |a Čína 
100 1 |a Dahlman, Carl J. 
700 1 |a Zeng, Douglas Zhihua 
700 1 |a Wang, Shuilin